| 000 | 00686cab a2200217 4500 | ||
|---|---|---|---|
| 001 | WB3506-54 | ||
| 008 | 090401t1999 xxu||||| |||| 00| 0 eng d | ||
| 035 | _a(Sirsi) u91254 | ||
| 041 | _aeng | ||
| 245 | _aModified crop trials in jeopardy | ||
| 260 | _c1999 | ||
| 350 | _a0 | ||
| 490 |
_aFinancial Times _v8 February 1999, 11(1) |
||
| 520 | _aA set of environmental trials of genetically modified crops may not go ahead because farmers fear that their crops may be targeted by environmental activists if they participate. | ||
| 650 | _aGENETICALLY MODIFIED CROPS | ||
| 650 | _aSABOTAGE | ||
| 650 | _aTESTS | ||
| 690 | _aRURAL PRACTICE | ||
| 942 | _n0 | ||
| 948 | _c11/02/1999 | ||
| 999 |
_c57908 _d57908 |
||